[Event "Napoli Spring Cup 1st"]
[Site "Napoli"]
[Date "2017.03.23"]
[Round "3"]
[White "Messina, Enrico"]
[Black "Melchior, Alex"]
[Result "1-0"]
[WhiteElo "2191"]
[BlackElo "1983"]
[PlyCount "67"]
[EventDate "2017.03.09"]
[EventType "swiss"]
[EventRounds "6"]
[EventCountry "ITA"]
[SourceTitle "EXT 2018"]
[Source "ChessBase"]
[SourceDate "2017.10.13"]
[SourceVersion "1"]
[SourceVersionDate "2017.10.13"]
[SourceQuality "1"]

1. e4 c5 2. d4 cxd4 3. c3 Nf6 4. e5 Nd5 5. Nf3 e6 6. cxd4 Nc6 7. a3 a6 8. Bd3 d6 9. 0-0 Bd7 10. Qe2 Rc8 11. Nc3 Nxc3 12. bxc3 dxe5 13. dxe5 Be7 14. Rd1 h6 15. Rb1 Qc7 16. Qe4 Na5 17. Qg4 Kf8 18. Be3 b5 19. a4 Nc4 20. Bxc4 bxc4 21. Bb6 Qc6 22. Nd4 Qa8 23. a5 h5 24. Qf4 Rh6 25. h4 Rg6 26. f3 Ke8 27. Kf1 Bc6 28. Nxc6 Qxc6 29. Rd4 Qa4 30. Qd2 Qc6 31. Rd1 Qb5 32. Rd7 Bxh4 33. Bd8 Bg3 34. Bf6 1-0

[Event "Napoli Trofeo Caissa 2nd"]
[Site "Napoli"]
[Date "2016.11.03"]
[Round "1"]
[White "Messina, Enrico"]
[Black "Giovine, Massimo"]
[Result "1-0"]
[WhiteElo "2218"]
[BlackElo "1626"]
[PlyCount "45"]
[EventDate "2016.11.03"]
[EventType "swiss"]
[EventRounds "7"]
[EventCountry "ITA"]
[SourceTitle "EXT 2018"]
[Source "ChessBase"]
[SourceDate "2017.10.13"]
[SourceVersion "1"]
[SourceVersionDate "2017.10.13"]
[SourceQuality "1"]

1. e4 c5 2. d4 cxd4 3. c3 d3 4. Bxd3 d6 5. c4 Nf6 6. Nc3 a6 7. h3 e6 8. Nf3 b6 9. Be3 Bb7 10. 0-0 Nbd7 11. Nd2 Ne5 12. Be2 d5 13. cxd5 exd5 14. exd5 Nxd5 15. Nxd5 Qxd5 16. Nf3 Nc4 17. Qxd5 Bxd5 18. Bd4 f6 19. Rac1 b5 20. b3 Na5 21. Rc7 Be7 22. Rd1 Be6 23. Bb6 1-0

[Event "Napoli Autunno Vomero op-A"]
[Site "Napoli"]
[Date "2016.10.06"]
[Round "5"]
[White "Lombardo, Michele"]
[Black "Messina, Enrico"]
[Result "0-1"]
[WhiteElo "2080"]
[BlackElo "2201"]
[PlyCount "74"]
[EventDate "2016.09.08"]
[EventType "swiss"]
[EventRounds "7"]
[EventCountry "ITA"]
[SourceTitle "EXT 2018"]
[Source "ChessBase"]
[SourceDate "2017.10.13"]
[SourceVersion "1"]
[SourceVersionDate "2017.10.13"]
[SourceQuality "1"]

1. g3 e5 2. Bg2 Nf6 3. c4 d6 4. Nc3 Be7 5. e4 0-0 6. Nge2 c5 7. d3 Nc6 8. f4 Bg4 9. h3 Bxe2 10. Qxe2 a6 11. 0-0 b5 12. b3 b4 13. Nd5 Nxd5 14. cxd5 Nd4 15. Qd1 Bf6 16. Rb1 a5 17. g4 exf4 18. Bxf4 Bg5 19. Bg3 Be3+ 20. Kh2 Nb5 21. Rb2 Bd4 22. Rc2 a4 23. bxa4 Nc3 24. Qd2 Rxa4 25. Bf2 Bxf2 26. Rxf2 Qe7 27. d4 cxd4 28. Qxd4 b3 29. Qxc3 bxc2 30. Rxc2 f6 31. Qg3 Qe5 32. Rc6 Rd8 33. Qxe5 fxe5 34. g5 Rxa2 35. Rc3 Rda8 36. h4 R8a3 37. Rc8+ Kf7 0-1

[Event "Napoli Primavera al Vomero op"]
[Site "Napoli"]
[Date "2016.06.16"]
[Round "6"]
[White "Messina, Enrico"]
[Black "Pellegrino, Carlo"]
[Result "1-0"]
[WhiteElo "2189"]
[BlackElo "1478"]
[PlyCount "67"]
[EventDate "2016.05.05"]
[EventType "swiss"]
[EventRounds "6"]
[EventCountry "ITA"]
[SourceTitle "EXT 2018"]
[Source "ChessBase"]
[SourceDate "2017.10.13"]
[SourceVersion "1"]
[SourceVersionDate "2017.10.13"]
[SourceQuality "1"]

1. e4 d6 2. d4 Nf6 3. Nc3 e5 4. Nf3 Nbd7 5. g4 Nxg4 6. Rg1 Ngf6 7. Bc4 h6 8. Be3 c6 9. dxe5 dxe5 10. Qd3 b5 11. Bb3 Qa5 12. 0-0-0 Ba6 13. Ne2 c5 14. c4 bxc4 15. Bxc4 Bxc4 16. Qxc4 Qb4 17. Qxb4 cxb4 18. Ng3 Rc8+ 19. Kb1 Bc5 20. Rc1 Ke7 21. Nf5+ Ke6 22. Nxg7+ Ke7 23. Nf5+ Ke6 24. Ng7+ Ke7 25. Bxh6 Nxe4 26. Rge1 Kd8 27. Rxe4 Rxh6 28. Nxe5 Nxe5 29. Rxe5 Rhc6 30. Nf5 Bf8 31. Rxc6 Rxc6 32. Rd5+ Kc7 33. h4 Bc5 34. h5 1-0

[Event "Napoli Primavera al Vomero op"]
[Site "Napoli"]
[Date "2016.05.12"]
[Round "2"]
[White "Messina, Enrico"]
[Black "Gallo, Thomas Renato"]
[Result "1-0"]
[WhiteElo "2189"]
[BlackElo "1856"]
[PlyCount "81"]
[EventDate "2016.05.05"]
[EventType "swiss"]
[EventRounds "6"]
[EventCountry "ITA"]
[SourceTitle "EXT 2018"]
[Source "ChessBase"]
[SourceDate "2017.10.13"]
[SourceVersion "1"]
[SourceVersionDate "2017.10.13"]
[SourceQuality "1"]

1. e4 g6 2. d4 Bg7 3. Nf3 d6 4. Nc3 e6 5. Be3 Nd7 6. Qd2 a6 7. Bd3 b5 8. Ne2 c5 9. c3 Bb7 10. Ng3 Rc8 11. a4 cxd4 12. cxd4 Ngf6 13. axb5 axb5 14. Qb4 Qb6 15. Ra5 Bc6 16. 0-0 0-0 17. Rfa1 Ra8 18. d5 Nc5 19. dxc6 Rxa5 20. Rxa5 Nxd3 21. Qxb5 Qxb5 22. Rxb5 Rc8 23. Rb6 d5 24. Nd4 Ng4 25. exd5 exd5 26. b4 Nxe3 27. fxe3 Bh6 28. Nf1 Ne5 29. Kf2 Bf8 30. b5 Nc4 31. Rb7 Bc5 32. Nb3 Bd6 33. Rd7 Rc7 34. Rd8+ Kg7 35. Nfd2 Kf6 36. Nxc4 dxc4 37. Rxd6+ Ke7 38. Rd4 cxb3 39. Rb4 Rc8 40. b6 Kd6 41. c7 1-0

[Event "Napoli Moscarella Memorial"]
[Site "Napoli"]
[Date "2016.01.14"]
[Round "2"]
[White "Schiappoli, Dario"]
[Black "Messina, Enrico"]
[Result "0-1"]
[WhiteElo "1805"]
[BlackElo "2163"]
[PlyCount "68"]
[EventDate "2016.01.07"]
[EventType "swiss"]
[EventRounds "6"]
[EventCountry "ITA"]
[SourceTitle "EXT 2018"]
[Source "ChessBase"]
[SourceDate "2017.10.13"]
[SourceVersion "1"]
[SourceVersionDate "2017.10.13"]
[SourceQuality "1"]

1. e4 d6 2. d4 Nf6 3. Nc3 e5 4. Nf3 Nbd7 5. Bc4 Be7 6. Ng5 0-0 7. Bxf7+ Rxf7 8. Ne6 Qe8 9. Nxc7 Qd8 10. Nxa8 b5 11. dxe5 Nxe5 12. Nd5 Nxd5 13. Qxd5 Bd7 14. Nb6 Bc6 15. Qe6 Qxb6 16. Be3 Qb7 17. f3 Bxe4 18. 0-0-0 Bf5 19. Qb3 Nc4 20. Kb1 Nxe3 21. Qxe3 Rf8 22. Rhe1 Bf6 23. Qb3+ Kh8 24. Qd5 Qc8 25. Re2 Be5 26. g3 Be6 27. Qe4 Qa6 28. a3 b4 29. Re3 bxa3 30. Rxa3 Qb6 31. b3 Qc5 32. Ra2 Rb8 33. Qd3 Bc4 34. Qd2 Bxb3 0-1

[Event "Napoli Sociale-ch"]
[Site "Napoli"]
[Date "2015.11.12"]
[Round "2"]
[White "Solombrino, Giovanni"]
[Black "Messina, Enrico"]
[Result "0-1"]
[WhiteElo "1819"]
[BlackElo "2143"]
[PlyCount "70"]
[EventDate "2015.11.05"]
[EventType "swiss"]
[EventRounds "7"]
[EventCountry "ITA"]
[SourceTitle "EXT 2018"]
[Source "ChessBase"]
[SourceDate "2017.10.13"]
[SourceVersion "1"]
[SourceVersionDate "2017.10.13"]
[SourceQuality "1"]

1. e4 d6 2. d4 Nf6 3. Nc3 e5 4. Nf3 Nbd7 5. Bc4 Be7 6. 0-0 0-0 7. a4 a5 8. Re1 c6 9. Bb3 Qc7 10. h3 exd4 11. Nxd4 Nc5 12. Ba2 Be6 13. Bf4 Bxa2 14. Rxa2 Ne6 15. Bg3 Nxd4 16. Qxd4 Rad8 17. Qd1 Qb6 18. Qe2 Rfe8 19. Kh1 Bf8 20. f3 d5 21. e5 Nh5 22. Bh2 g6 23. g4 Ng7 24. Nd1 f6 25. f4 fxe5 26. fxe5 Ne6 27. c3 Bc5 28. b4 axb4 29. a5 Qc7 30. a6 bxa6 31. Rxa6 bxc3 32. Nxc3 Bd4 33. Rc1 Qb7 34. Rb1 Qd7 35. Na4 Rf8 0-1

[Event "Roseto op 6th"]
[Site "Roseto"]
[Date "2014.06.01"]
[Round "4"]
[White "Messina, Enrico"]
[Black "Di Lascio, Savino"]
[Result "1-0"]
[WhiteElo "2169"]
[BlackElo "1878"]
[PlyCount "73"]
[EventDate "2014.05.30"]
[EventType "swiss"]
[EventRounds "6"]
[EventCountry "ITA"]
[SourceTitle "EXT 2016"]
[Source "ChessBase"]
[SourceDate "2015.10.08"]
[SourceVersion "1"]
[SourceVersionDate "2015.10.08"]
[SourceQuality "1"]

1. d4 Nf6 2. Nf3 d6 3. Nc3 Bf5 4. Nh4 Bg6 5. Nxg6 hxg6 6. e4 e5 7. Be3 Nbd7 8. Be2 Be7 9. Qd3 exd4 10. Qxd4 Kf8 11. f4 Nh5 12. 0-0 Bf6 13. Qd2 Bxc3 14. Qxc3 Nhf6 15. Bf3 c6 16. Rad1 Qe7 17. Qd4 d5 18. e5 Ne8 19. c4 b6 20. cxd5 c5 21. Qd2 Qh4 22. g3 Qh3 23. Qe2 Rd8 24. Bg4 Qh7 25. h4 f5 26. Bf3 g5 27. hxg5 g6 28. Kf2 Qh2+ 29. Bg2 Qh5 30. Rh1 Qxe2+ 31. Kxe2 Rxh1 32. Rxh1 Kg7 33. Bd2 Nc7 34. e6 Re8 35. Bc3+ Kf8 36. Rh8+ Ke7 37. Rh7+ 1-0

[Event "Roseto op 6th"]
[Site "Roseto"]
[Date "2014.05.31"]
[Round "2"]
[White "Messina, Enrico"]
[Black "Baltzopoulos, Giorgos"]
[Result "1-0"]
[WhiteElo "2169"]
[BlackElo "2003"]
[PlyCount "89"]
[EventDate "2014.05.30"]
[EventType "swiss"]
[EventRounds "6"]
[EventCountry "ITA"]
[SourceTitle "EXT 2016"]
[Source "ChessBase"]
[SourceDate "2015.10.08"]
[SourceVersion "1"]
[SourceVersionDate "2015.10.08"]
[SourceQuality "1"]

1. e4 e5 2. Nf3 Nc6 3. d3 Nf6 4. Be2 g6 5. 0-0 Bg7 6. c3 0-0 7. Nbd2 d5 8. Re1 a5 9. a4 h6 10. Qc2 Be6 11. Bf1 Nd7 12. g3 f5 13. Bg2 Qf6 14. exd5 Bxd5 15. Nxe5 Ndxe5 16. Bxd5+ Kh8 17. d4 Ng4 18. Nf3 Qd6 19. Ba2 Rae8 20. Bf4 Qd7 21. h3 g5 22. Bxg5 Nxf2 23. Kxf2 hxg5 24. Nxg5 Bh6 25. Ne6 Rf6 26. d5 Ne7 27. c4 Rg6 28. Qc3+ Kh7 29. Qe5 Reg8 30. Rg1 Qxa4 31. Nxc7 Qb4 32. Rae1 Bg5 33. Ne6 Bf6 34. Qe2 Qb6+ 35. c5 Qxb2 36. Qxb2 Bxb2 37. Rb1 Rxe6 38. Rxb2 Re5 39. Rxb7 Rg7 40. Rd1 Re4 41. d6 Nc6 42. Rxg7+ Kxg7 43. Bd5 Rd4 44. Rxd4 Nxd4 45. c6 1-0

[Event "Napoli Parthenope op 6th"]
[Site "Napoli"]
[Date "2014.05.22"]
[Round "1"]
[White "De Rosa, Francesco"]
[Black "Messina, Enrico"]
[Result "0-1"]
[WhiteElo "1917"]
[BlackElo "2169"]
[PlyCount "74"]
[EventDate "2014.06.01"]
[EventType "swiss"]
[EventRounds "7"]
[EventCountry "ITA"]
[SourceTitle "EXT 2018"]
[Source "ChessBase"]
[SourceDate "2017.10.13"]
[SourceVersion "1"]
[SourceVersionDate "2017.10.13"]
[SourceQuality "1"]

1. e4 d6 2. d4 Nf6 3. Nc3 e5 4. Nf3 Nbd7 5. h3 Be7 6. Be3 c6 7. a4 0-0 8. Be2 exd4 9. Bxd4 Nc5 10. Bxc5 dxc5 11. 0-0 Qc7 12. Bc4 Nd7 13. Qe2 Bf6 14. Rad1 Re8 15. Rfe1 Nf8 16. Qe3 b6 17. Ng5 Ne6 18. Nxe6 Bxe6 19. Bxe6 Rxe6 20. Re2 Rae8 21. Rde1 Bd4 22. Qd3 Qe5 23. Nd1 Rd6 24. Qb3 Qg5 25. c3 Rg6 26. g4 Be5 27. Re3 Rf6 28. Rd3 h5 29. Ne3 Rf3 30. Kg2 Qf4 31. Qc2 Rxh3 32. Nf1 Qxg4+ 33. Rg3 Bxg3 34. fxg3 h4 35. Qe2 Rxg3+ 36. Nxg3 Qxg3+ 37. Kh1 Re6 0-1

[Event "Napoli Antica Scuola 2nd"]
[Site "Napoli"]
[Date "2014.03.06"]
[Round "1"]
[White "Schiappoli, Dario"]
[Black "Messina, Enrico"]
[Result "1-0"]
[WhiteElo "1915"]
[BlackElo "2172"]
[PlyCount "53"]
[EventDate "2014.03.06"]
[EventType "swiss"]
[EventRounds "7"]
[EventCountry "ITA"]
[SourceTitle "EXT 2015"]
[Source "ChessBase"]
[SourceDate "2014.11.20"]
[SourceVersion "1"]
[SourceVersionDate "2014.11.20"]
[SourceQuality "1"]

1. e4 d6 2. d4 Nf6 3. Nc3 e5 4. Nf3 Nbd7 5. Bc4 Be7 6. Bxf7+ Kxf7 7. Ng5+ Kg8 8. Ne6 Qe8 9. Nxc7 Qg6 10. Nxa8 Qxg2 11. Rf1 b6 12. Qd3 h6 13. Be3 Bb7 14. Nc7 Nxe4 15. 0-0-0 Nxc3 16. Qxc3 Kh7 17. Rg1 Qxh2 18. Ne6 Bf6 19. Qc7 Bc8 20. Qxd6 Qh5 21. Rh1 Qf7 22. Rdg1 Be7 23. Qc6 Nb8 24. Qe4+ Kg8 25. Rxg7+ Qxg7 26. Nxg7 Kxg7 27. Qxe5+ 1-0

[Event "Napoli Porreca Memorial 3rd"]
[Site "Napoli"]
[Date "2013.10.10"]
[Round "3"]
[White "Messina, Enrico"]
[Black "Esposito, Luca"]
[Result "1-0"]
[WhiteElo "2216"]
[BlackElo "2274"]
[PlyCount "53"]
[EventDate "2013.09.26"]
[EventType "swiss"]
[EventRounds "7"]
[EventCountry "ITA"]
[SourceTitle "EXT 2015"]
[Source "ChessBase"]
[SourceDate "2014.11.20"]
[SourceVersion "1"]
[SourceVersionDate "2014.11.20"]
[SourceQuality "1"]

1. e4 c5 2. d4 cxd4 3. c3 dxc3 4. Nxc3 Nc6 5. Bc4 e6 6. Nf3 a6 7. 0-0 Nge7 8. Bg5 h6 9. Be3 Ng6 10. Bb3 Bb4 11. Nd5 exd5 12. exd5 Nce7 13. d6 Nc6 14. a3 Ba5 15. Qd3 Qf6 16. Qe4+ Nge5 17. Bf4 Qg6 18. Qe3 0-0 19. Nxe5 Nxe5 20. Qxe5 Bd8 21. Qd5 Rb8 22. Qf3 b5 23. Bd5 Bg5 24. Bg3 Qf6 25. Qe4 Qxb2 26. Be5 Qd2 27. Qg6 1-0

[Event "Napoli Porreca Memorial 3rd"]
[Site "Napoli"]
[Date "2013.10.03"]
[Round "2"]
[White "Taurisano, Vincenzo"]
[Black "Messina, Enrico"]
[Result "0-1"]
[WhiteElo "1942"]
[BlackElo "2216"]
[PlyCount "64"]
[EventDate "2013.09.26"]
[EventType "swiss"]
[EventRounds "7"]
[EventCountry "ITA"]
[SourceTitle "EXT 2015"]
[Source "ChessBase"]
[SourceDate "2014.11.20"]
[SourceVersion "1"]
[SourceVersionDate "2014.11.20"]
[SourceQuality "1"]

1. d4 Nf6 2. c4 c5 3. d5 b5 4. cxb5 a6 5. e3 Bb7 6. Nc3 Qa5 7. Bd2 axb5 8. Bxb5 Qb6 9. Nf3 Nxd5 10. Bc4 e6 11. 0-0 Be7 12. Qe2 0-0 13. e4 Nc7 14. Rfd1 d6 15. Bf4 Nd7 16. Rd2 Nf6 17. Rad1 Rad8 18. e5 dxe5 19. Nxe5 Ncd5 20. Bg5 Qc7 21. Rd3 Nb6 22. Rxd8 Bxd8 23. Nb5 Qe7 24. Nd6 Bd5 25. Nf5 exf5 26. Bxd5 Nbxd5 27. Rxd5 Qe6 28. Rxc5 Ne4 29. Bxd8 Nxc5 30. Bc7 f6 31. Qb5 Na6 32. Qd7 Nxc7 0-1

[Event "Montesilvano Adriatico op 3rd"]
[Site "Montesilvano"]
[Date "2013.09.22"]
[Round "4"]
[White "Messina, Enrico"]
[Black "Altini, Nicola"]
[Result "1/2-1/2"]
[WhiteElo "2216"]
[BlackElo "2382"]
[PlyCount "66"]
[EventDate "2013.09.20"]
[EventType "swiss"]
[EventRounds "5"]
[EventCountry "ITA"]
[SourceTitle "EXT 2015"]
[Source "ChessBase"]
[SourceDate "2014.11.20"]
[SourceVersion "1"]
[SourceVersionDate "2014.11.20"]
[SourceQuality "1"]

1. e4 c5 2. d4 cxd4 3. c3 dxc3 4. Nxc3 Nc6 5. Bc4 e6 6. Nf3 a6 7. 0-0 b5 8. Bb3 d6 9. Qe2 Ra7 10. Be3 Rd7 11. Rfd1 Be7 12. Nxb5 axb5 13. Qxb5 Bb7 14. Ba4 Nf6 15. Nd4 Nxd4 16. Qxb7 Nc2 17. Rdc1 0-0 18. Bxd7 Nxe3 19. Ba4 Nxg2 20. Kxg2 Qa5 21. Qxe7 Qxa4 22. Qxd6 Qxe4+ 23. Kg1 h5 24. Re1 Qc2 25. Qd4 Rb8 26. Rac1 Qg6+ 27. Kh1 Qf5 28. Rc3 Ng4 29. f3 Nf6 30. Qe5 Qxe5 31. Rxe5 Rxb2 32. Ra5 Rb1+ 33. Kg2 Nd5 1/2-1/2

[Event "Bergamo op 12th"]
[Site "Bergamo"]
[Date "2013.07.21"]
[Round "6"]
[White "Messina, Enrico"]
[Black "Campini, Marco"]
[Result "1/2-1/2"]
[WhiteElo "2247"]
[BlackElo "2072"]
[PlyCount "100"]
[EventDate "2013.07.19"]
[EventType "swiss"]
[EventRounds "6"]
[EventCountry "ITA"]
[SourceTitle "EXT 2024"]
[Source "ChessBase"]
[SourceDate "2023.10.10"]
[SourceVersion "1"]
[SourceVersionDate "2023.10.10"]
[SourceQuality "1"]

1. e4 d6 2. d4 g6 3. Nf3 Bg7 4. Nc3 Nf6 5. Be3 0-0 6. Qd2 Ng4 7. Bg5 f6 8. Bh4 c6 9. h3 Nh6 10. Bd3 Nf7 11. 0-0 Bh6 12. Qe1 e5 13. Rd1 Qe7 14. dxe5 dxe5 15. Nh2 Be6 16. Ng4 Bf4 17. Bxf6 Qc7 18. Bh4 Ng5 19. Bxg5 Bxg5 20. Qe2 b5 21. a4 a6 22. Nb1 Nd7 23. axb5 axb5 24. Nd2 h5 25. Ne3 Nc5 26. Nf3 Bh6 27. Nh4 Kh7 28. g4 Qe7 29. Neg2 hxg4 30. hxg4 Nxd3 31. cxd3 Qg5 32. f3 Qe7 33. Kh2 Kg7 34. Rh1 Ra2 35. Rd2 c5 36. Kg3 Rh8 37. Rc2 Bf4+ 38. Nxf4 exf4+ 39. Kxf4 g5+ 40. Kg3 gxh4+ 41. Kh3 Qd6 42. Rg1 c4 43. dxc4 Bxc4 44. Qe3 Qf6 45. e5 Qg6 46. Rgc1 Qh6 47. f4 Qc6 48. Qc3 Kg8 49. f5 Ra7 50. Re1 Rg7 1/2-1/2

[Event "Bergamo op 12th"]
[Site "Bergamo"]
[Date "2013.07.20"]
[Round "3"]
[White "Messina, Enrico"]
[Black "Bonassi, Tommaso"]
[Result "0-1"]
[WhiteElo "2247"]
[BlackElo "1944"]
[PlyCount "92"]
[EventDate "2013.07.19"]
[EventType "swiss"]
[EventRounds "6"]
[EventCountry "ITA"]
[SourceTitle "EXT 2024"]
[Source "ChessBase"]
[SourceDate "2023.10.10"]
[SourceVersion "1"]
[SourceVersionDate "2023.10.10"]
[SourceQuality "1"]

1. e4 c5 2. d4 cxd4 3. c3 d3 4. Bxd3 d6 5. c4 Nf6 6. h3 Nc6 7. Nc3 e6 8. Nf3 Be7 9. 0-0 a6 10. Be3 0-0 11. Rc1 Qc7 12. Bb1 Ne5 13. Nd2 Bd7 14. f4 Ng6 15. Qe2 Rac8 16. Bd3 Bc6 17. Nf3 Nh5 18. Qd2 Ng3 19. Rf2 Nh4 20. Kh2 Nh5 21. Qe2 g6 22. Nd4 e5 23. Nxc6 bxc6 24. g3 exf4 25. gxf4 f5 26. Rg1 Ng7 27. c5 fxe4 28. Nxe4 d5 29. Nd6 Bxd6 30. cxd6 Qxd6 31. Qg4 Nhf5 32. Bd2 c5 33. Re2 c4 34. Bxf5 Rxf5 35. Rg3 Qf6 36. Re5 Rf8 37. Qe2 Rxe5 38. fxe5 Qf2+ 39. Rg2 Qxe2 40. Rxe2 Ne6 41. Bb4 Rf5 42. Bd6 d4 43. Kg3 d3 44. Rd2 Nd4 45. b3 Ne2+ 46. Kg2 c3 0-1

[Event "Bergamo op 12th"]
[Site "Bergamo"]
[Date "2013.07.19"]
[Round "1"]
[White "Messina, Enrico"]
[Black "Ventura, Salvatore"]
[Result "0-1"]
[WhiteElo "2247"]
[BlackElo "2017"]
[PlyCount "94"]
[EventDate "2013.07.19"]
[EventType "swiss"]
[EventRounds "6"]
[EventCountry "ITA"]
[SourceTitle "EXT 2024"]
[Source "ChessBase"]
[SourceDate "2023.10.10"]
[SourceVersion "1"]
[SourceVersionDate "2023.10.10"]
[SourceQuality "1"]

1. e4 c5 2. d4 cxd4 3. c3 dxc3 4. Nxc3 Nc6 5. Bc4 g6 6. Nf3 Bg7 7. e5 Nxe5 8. Nxe5 Bxe5 9. Bxf7+ Kxf7 10. Qd5+ Kg7 11. Qxe5+ Nf6 12. 0-0 d6 13. Qg3 Bd7 14. Re1 Rf8 15. Qh4 Rf7 16. Bg5 Bc6 17. Rad1 Qd7 18. Rd4 h5 19. h3 Re8 20. Rf4 Ref8 21. Rd4 Re8 22. Be3 e5 23. Rd2 a6 24. Bg5 Qe6 25. Red1 Rd8 26. Re2 Qf5 27. Re3 Rdd7 28. Red3 Nh7 29. Be3 Qe6 30. Qb4 d5 31. Qb3 Nf6 32. Bg5 Qf5 33. Bxf6+ Rxf6 34. Rf3 Qe6 35. Rxf6 Kxf6 36. Qb4 d4 37. Ne2 Qd6 38. Qd2 Qd5 39. f3 d3 40. Nc3 Qd4+ 41. Kh1 g5 42. Re1 Qf4 43. Re3 g4 44. Ne4+ Bxe4 45. fxe4 Kg6 46. Kg1 g3 47. h4 Qf2+ 0-1

[Event "Parthenope op 5th"]
[Site "Napoli"]
[Date "2013.06.13"]
[Round "6"]
[White "Taurisano, Vincenzo"]
[Black "Messina, Enrico"]
[Result "0-1"]
[WhiteElo "1862"]
[BlackElo "2241"]
[PlyCount "62"]
[EventDate "2013.05.09"]
[EventType "swiss"]
[EventRounds "7"]
[EventCountry "ITA"]
[SourceTitle "EXT 2014"]
[Source "ChessBase"]
[SourceDate "2013.11.20"]
[SourceVersion "1"]
[SourceVersionDate "2013.11.20"]
[SourceQuality "1"]

1. e4 c5 2. Nf3 d6 3. d4 cxd4 4. Nxd4 Nf6 5. Nc3 g6 6. f3 Bg7 7. Be3 0-0 8. Qd2 Nc6 9. 0-0-0 d5 10. Nxc6 bxc6 11. exd5 Nxd5 12. Nxd5 cxd5 13. Qxd5 Qc7 14. Qc5 Qb7 15. Qb5 Qxb5 16. Bxb5 Rb8 17. a4 a6 18. Bc4 Bxb2+ 19. Kd2 Bd7 20. Bb3 Rfc8 21. g4 Rb4 22. a5 Bc3+ 23. Ke2 Bb5+ 24. Kf2 Bc4 25. Bxc4 Rbxc4 26. Bb6 Bb4 27. Rd3 Rxc2+ 28. Kg3 Bd6+ 29. Kh3 Ra2 30. g5 Rc4 31. Be3 Rxa5 0-1

[Event "Napoli Antica Scuola 1st"]
[Site "Napoli"]
[Date "2013.04.04"]
[Round "6"]
[White "Auletta, Angelo"]
[Black "Messina, Enrico"]
[Result "1/2-1/2"]
[WhiteElo "2197"]
[BlackElo "2222"]
[PlyCount "48"]
[EventDate "2013.02.21"]
[EventType "swiss"]
[EventRounds "7"]
[EventCountry "ITA"]
[SourceTitle "EXT 2014"]
[Source "ChessBase"]
[SourceDate "2013.11.20"]
[SourceVersion "1"]
[SourceVersionDate "2013.11.20"]
[SourceQuality "1"]

1. e4 d6 2. d4 Nf6 3. Nc3 e5 4. Nge2 Nbd7 5. g3 Be7 6. Bg2 c6 7. 0-0 0-0 8. h3 Re8 9. g4 h5 10. g5 Nh7 11. h4 Ndf8 12. f4 Ng6 13. Qe1 Nxf4 14. Nxf4 exf4 15. Bxf4 Bg4 16. Bf3 Bxf3 17. Rxf3 Nf8 18. Be3 Ng6 19. Qg3 Qd7 20. Rf5 Bd8 21. Raf1 Re7 22. Bf2 d5 23. Qf3 dxe4 24. Nxe4 Nxh4 1/2-1/2